Statistics for The Lord of the Rings - Chapters

Click here to take the quiz!

General Stats

  • This quiz has been taken 91 times
  • The average score is 39 of 62

Answer Stats

ChapterAnswer% Correct
In the ___ of Tom BombadilHouse
92%
Minas ___Tirith
89%
Helm's ___Deep
89%
At the Sign of the ___ PonyPrancing
87%
The ___-haiUruk
87%
The Breaking of the ___Fellowship
87%
The ___ of the Pelennor FieldsBattle
85%
___lórienLoth
85%
A Long-expected ___Party
82%
___ is CompanyThree
82%
The ___ goes SouthRing
82%
Mount ___Doom
79%
Shelob's ___Lair
79%
Flotsam and ___Jetsam
76%
The ___ of Khazad-dûmBridge
74%
The Grey ___Havens
74%
The Old ___Forest
74%
A Short Cut to ___Mushrooms
74%
The ___ of ElrondCouncil
74%
A ___ in the DarkJourney
73%
The ___ of the PastShadow
73%
The ___ RiderWhite
73%
The Black Gate is ___Closed
71%
The Great ___River
69%
A ___ in the DarkKnife
69%
Many ___Meetings
68%
Flight to the ___Ford
68%
Homeward ___Bound
65%
The Choices of Master ___Samwise
65%
The Taming of ___Smeagol
65%
The Voice of ___Saruman
65%
The Departure of ___Boromir
65%
The King of the ___ HallGolden
65%
The ___ of RohanRiders
65%
The Ride of the ___Rohirrim
63%
The Steward and the ___King
63%
The ___ of GaladrielMirror
61%
The Black Gate ___Opens
61%
Of Herbs and Stewed ___Rabbit
58%
The Muster of ___Rohan
56%
The Road to ___Isengard
55%
A ___ UnmaskedConspiracy
55%
The Houses of ___Healing
53%
The Forbidden ___Pool
48%
___ to LórienFarewell
48%
The Window on the ___West
47%
The ___ of Cirith UngolTower
47%
___ on the Barrow-downsFog
47%
The ___ of the ShireScouring
47%
The ___ of Cirith UngolStairs
47%
___Strider
45%
__Treebeard
45%
The ___ of CormallenField
45%
Many ___Partings
44%
The Passing of the Grey ___Company
44%
The ___ of GondorSiege
42%
The Passage of the ___Marshes
42%
The ___ of ShadowLand
37%
The ___Palantír
37%
The Last ___Debate
26%
Journey to the ___cross-roads
26%
The ___ of DenethorPyre
24%

Score Distribution

Percentile by Number Answered

Percent of People with Each Score

Your Score History

You have not taken this quiz